Lightest Africa /

محفوظ في:

المؤلف الرئيسي: Chapman, F. Spencer, 1907-1971 (مؤلف)

التنسيق: كتاب

اللغة: English

الموضوعات:

الوسوم: إضافة وسم

لا توجد وسوم, كن أول من يضع وسما على هذه التسجيلة!

رقم الطلب: DT12 .C45 1955

LEADER 00668nam a2200229u 4500
001 485
003 OSt
005 20260315090128.0
008 130303s1955 enkab 000 0 eng d
010 |a 55002665 
035 |a rdb03627533 
040 |c ARCE Library 
043 |a f------ 
050 4 |a DT12 .C45 1955 
100 1 |a Chapman, F. Spencer,   |q (Frederick Spencer),   |d 1907-1971,   |e author 
245 1 0 |a Lightest Africa /   |c [by] F. Spencer Chapman. 
264 1 |a London :  |b Chatto & Windus,  |c 1955. 
300 |a 288 pages :   |b illustrations (part color), maps ;   |c 23 cm. 
651 0 |a Africa  |x Description and travel. 
901 |a reviewed 
942 |c BK  |2 lcc 
999 |c 1865  |d 1865